[Event "North County CC op 192nd"]
[Site "San Diego"]
[Date "2005.03.11"]
[Round "2"]
[White "Cramer, Charles"]
[Black "Hawks, Joe"]
[Result "1-0"]
[WhiteElo "1614"]
[BlackElo "1306"]
[PlyCount "93"]
[EventDate "2005.03.04"]
[EventType "swiss"]
[EventRounds "5"]
[EventCountry "USA"]
[SourceTitle "EXT 2009"]
[Source "ChessBase"]
[SourceDate "2008.11.26"]
[SourceVersion "1"]
[SourceVersionDate "2008.11.26"]
[SourceQuality "1"]

1. e4 c5 2. Nf3 d6 3. h3 Nc6 4. a3 Nf6 5. Nc3 e6 6. Bc4 Be7 7. d3 0-0 8. 0-0 a6 9. Bg5 Qc7 10. Re1 b5 11. Ba2 h6 12. Bf4 Nh5 13. Be3 Nf6 14. Nh2 Rb8 15. Ng4 a5 16. Qf3 h5 17. Nxf6+ Bxf6 18. Qxh5 b4 19. axb4 axb4 20. Na4 Ra8 21. Bb3 Bd7 22. Bg5 Bxg5 23. Qxg5 Nd4 24. Re3 Nxb3 25. cxb3 f6 26. Qg3 e5 27. h4 Be6 28. h5 Qf7 29. h6 g6 30. Rb1 Bxb3 31. Nb6 Ra6 32. Nc4 Rfa8 33. Kh2 Bxc4 34. dxc4 Kh7 35. Qh4 g5 36. Qh3 Rg8 37. Qf5+ Rg6 38. Rh3 Qf8 39. Rh5 Qf7 40. Rxg5 Kxh6 41. Rh5+ Kg7 42. Qh3 Kf8 43. Rh8+ Ke7 44. Qc8 Ra7 45. Qd8+ Ke6 46. Re8+ Re7 47. Qc8# 1-0

[Event "North County CC op 191st"]
[Site "San Diego"]
[Date "2005.02.25"]
[Round "5"]
[White "Mahaffey, Sam"]
[Black "Cramer, Charles"]
[Result "0-1"]
[WhiteElo "1640"]
[BlackElo "1614"]
[PlyCount "48"]
[EventDate "2005.01.28"]
[EventType "swiss"]
[EventRounds "5"]
[EventCountry "USA"]
[SourceTitle "EXT 2009"]
[Source "ChessBase"]
[SourceDate "2008.11.26"]
[SourceVersion "1"]
[SourceVersionDate "2008.11.26"]
[SourceQuality "1"]

1. c4 c5 2. g3 e5 3. Bg2 Nc6 4. Nc3 Rb8 5. d3 d6 6. e3 Nf6 7. Nge2 Bg4 8. h3 Bh5 9. 0-0 Be7 10. a3 0-0 11. g4 Bg6 12. f4 exf4 13. Nxf4 Nd7 14. Nxg6 fxg6 15. Nd5 Bh4 16. Nf4 Qe8 17. Bxc6 bxc6 18. Qa4 g5 19. Ng2 Rxf1+ 20. Kxf1 Qf8+ 21. Kg1 Qf2+ 22. Kh1 Ne5 23. Qd1 Nf3 24. e4 Qg3 0-1

[Event "North County CC op 191st"]
[Site "San Diego"]
[Date "2005.02.11"]
[Round "3"]
[White "Cramer, Charles"]
[Black "Markowski, Alina"]
[Result "1-0"]
[WhiteElo "1614"]
[BlackElo "1504"]
[PlyCount "125"]
[EventDate "2005.01.28"]
[EventType "swiss"]
[EventRounds "5"]
[EventCountry "USA"]
[SourceTitle "EXT 2009"]
[Source "ChessBase"]
[SourceDate "2008.11.26"]
[SourceVersion "1"]
[SourceVersionDate "2008.11.26"]
[SourceQuality "1"]

1. e4 e5 2. Bc4 Nf6 3. d3 Nc6 4. a3 Be7 5. Nf3 d6 6. h3 0-0 7. Nc3 a6 8. Nh2 Nd4 9. Ne2 b5 10. Ba2 c5 11. c3 Nc6 12. Ng3 d5 13. exd5 Nxd5 14. Qf3 Be6 15. Ng4 Rc8 16. 0-0 Bxg4 17. Qxg4 Nf6 18. Qe2 Bd6 19. Rd1 Qc7 20. Nf5 Be7 21. Nxe7+ Nxe7 22. Bg5 Nfd5 23. Re1 f6 24. Bh4 Kh8 25. Bg3 Rcd8 26. c4 bxc4 27. dxc4 Nb6 28. Bh2 Ng6 29. Rac1 Rd4 30. b3 Rfd8 31. Bb1 Nf4 32. Bxf4 Rxf4 33. Qh5 g6 34. Bxg6 Qg7 35. Bf7 Rf8 36. Be6 Qg6 37. Qxg6 hxg6 38. Rcd1 Rd4 39. Rxd4 cxd4 40. c5 Nc8 41. Bc4 Na7 42. Bxa6 Rb8 43. b4 Kg7 44. Rc1 Kf8 45. c6 Rb6 46. Bb7 Ke7 47. Rb1 Nxc6 48. Bxc6 Rxc6 49. b5 Rb6 50. a4 Kd7 51. a5 Rb8 52. b6 Kc6 53. Kf1 Kb7 54. Ke2 Ka6 55. Ra1 Rc8 56. Kd2 f5 57. Rc1 Rb8 58. Rc6 Kxa5 59. Rxg6 Rxb6 60. Rxb6 Kxb6 61. Kd3 Kc5 62. h4 e4+ 63. Kd2 1-0

[Event "North County CC op 190th"]
[Site "San Diego"]
[Date "2004.12.10"]
[Round "1"]
[White "Fries, Thomas"]
[Black "Cramer, Charles"]
[Result "1/2-1/2"]
[WhiteElo "1947"]
[BlackElo "1599"]
[PlyCount "83"]
[EventDate "2004.12.10"]
[EventType "swiss"]
[EventRounds "5"]
[EventCountry "USA"]
[SourceTitle "EXT 2009"]
[Source "ChessBase"]
[SourceDate "2008.11.26"]
[SourceVersion "1"]
[SourceVersionDate "2008.11.26"]
[SourceQuality "1"]

1. d4 d5 2. c4 e6 3. Nf3 b6 4. Nc3 dxc4 5. e4 Bb7 6. Bxc4 c5 7. Bb5+ Bc6 8. Bxc6+ Nxc6 9. Qa4 Qd7 10. d5 exd5 11. exd5 Nb4 12. Qxd7+ Kxd7 13. Ne5+ Ke7 14. 0-0 Nc2 15. Rb1 f6 16. Nc6+ Kd7 17. Bf4 Ne7 18. Nxe7 Bxe7 19. Rbd1 Nd4 20. Rfe1 Bd6 21. Bxd6 Kxd6 22. Re4 Rae8 23. f3 f5 24. Ree1 Re7 25. Rxe7 Kxe7 26. Re1+ Kd7 27. Re5 Re8 28. f4 Re7 29. a4 Kd6 30. Rxe7 Kxe7 31. Kf2 a6 32. Ke3 Kd6 33. Kd3 b5 34. axb5 axb5 35. g3 b4 36. Nd1 Kxd5 37. Ne3+ Kc6 38. Kc4 Nf3 39. Nxf5 g6 40. Ne7+ Kd7 41. Nd5 Kd6 42. Nf6 1/2-1/2

[Event "North County CC op 189th"]
[Site "San Diego"]
[Date "2004.11.19"]
[Round "4"]
[White "Boyd, James"]
[Black "Cramer, Charles"]
[Result "1-0"]
[WhiteElo "1785"]
[BlackElo "1584"]
[PlyCount "60"]
[EventDate "2004.10.29"]
[EventType "swiss"]
[EventRounds "5"]
[EventCountry "USA"]
[SourceTitle "EXT 2009"]
[Source "ChessBase"]
[SourceDate "2008.11.26"]
[SourceVersion "1"]
[SourceVersionDate "2008.11.26"]
[SourceQuality "1"]

1. e4 e5 2. Nf3 Nc6 3. Bb5 a6 4. Bxc6 bxc6 5. 0-0 Nf6 6. Nxe5 Bd6 7. Nc4 0-0 8. e5 Bxe5 9. Nxe5 Bb7 10. Nc3 d6 11. Ng4 c5 12. Nxf6+ Qxf6 13. d3 Qg6 14. f3 h5 15. Bf4 Rfe8 16. Re1 Re6 17. Rxe6 fxe6 18. Ne4 h4 19. Qd2 e5 20. Bg5 h3 21. Rf1 Kf7 22. f4 Kg8 23. f5 Qf7 24. f6 g6 25. b3 Re8 26. Rf3 d5 27. Nxc5 e4 28. Rxh3 e3 29. Rxe3 Bc8 30. Re7 Qf8 1-0

[Event "North County CC op 189th"]
[Site "San Diego"]
[Date "2004.11.05"]
[Round "2"]
[White "Cramer, Charles"]
[Black "Mahaffey, Sam"]
[Result "1-0"]
[WhiteElo "1584"]
[BlackElo "1655"]
[PlyCount "91"]
[EventDate "2004.10.29"]
[EventType "swiss"]
[EventRounds "5"]
[EventCountry "USA"]
[SourceTitle "EXT 2009"]
[Source "ChessBase"]
[SourceDate "2008.11.26"]
[SourceVersion "1"]
[SourceVersionDate "2008.11.26"]
[SourceQuality "1"]

1. e4 e6 2. d4 d5 3. exd5 exd5 4. Bd3 Bd6 5. h3 Ne7 6. Nf3 Nbc6 7. c3 Bf5 8. 0-0 Bxd3 9. Qxd3 0-0 10. Ng5 g6 11. Qd2 Nf5 12. Nf3 Re8 13. g4 Nh4 14. Nxh4 Qxh4 15. Qh6 Qxh6 16. Bxh6 Re2 17. b4 b5 18. Nd2 a5 19. a3 a4 20. Nf3 f6 21. Rfe1 Rae8 22. Kf1 Rxe1+ 23. Rxe1 Rxe1+ 24. Kxe1 Kf7 25. Ke2 Ke6 26. Ke3 Nd8 27. h4 Nf7 28. Bf4 Bxf4+ 29. Kxf4 Nd6 30. Nd2 h6 31. Kg3 Ne4+ 32. Nxe4 dxe4 33. Kf4 Kd5 34. Ke3 Kc4 35. Kxe4 Kb3 36. Kd3 c6 37. f4 f5 38. g5 h5 39. Kd2 Kc4 40. Kc2 Kd5 41. Kd3 Kd6 42. c4 Ke6 43. d5+ cxd5 44. cxb5 Kd6 45. Kd4 Kc7 46. Kxd5 1-0

[Event "North County CC op 188th"]
[Site "San Diego"]
[Date "2004.10.22"]
[Round "5"]
[White "Cramer, Charles"]
[Black "Ross, Michael"]
[Result "1-0"]
[WhiteElo "1594"]
[BlackElo "1292"]
[PlyCount "43"]
[EventDate "2004.09.24"]
[EventType "swiss"]
[EventRounds "5"]
[EventCountry "USA"]
[SourceTitle "EXT 2009"]
[Source "ChessBase"]
[SourceDate "2008.11.26"]
[SourceVersion "1"]
[SourceVersionDate "2008.11.26"]
[SourceQuality "1"]

1. e4 c5 2. Nf3 Nc6 3. a3 d6 4. Bc4 e6 5. d3 Nf6 6. 0-0 Be7 7. Re1 0-0 8. d4 cxd4 9. Nxd4 Qb6 10. Nxc6 Qxc6 11. Bd3 d5 12. e5 Nd7 13. Qh5 g6 14. Qh6 Bc5 15. Bg5 f6 16. exf6 Nxf6 17. Bxg6 Bxf2+ 18. Kh1 hxg6 19. Qxg6+ Kh8 20. Bxf6+ Rxf6 21. Qxf6+ Kh7 22. Qxf2 1-0

[Event "North County CC op 188th"]
[Site "San Diego"]
[Date "2004.10.15"]
[Round "4"]
[White "Markowski, Alina"]
[Black "Cramer, Charles"]
[Result "0-1"]
[WhiteElo "1526"]
[BlackElo "1594"]
[PlyCount "124"]
[EventDate "2004.09.24"]
[EventType "swiss"]
[EventRounds "5"]
[EventCountry "USA"]
[SourceTitle "EXT 2009"]
[Source "ChessBase"]
[SourceDate "2008.11.26"]
[SourceVersion "1"]
[SourceVersionDate "2008.11.26"]
[SourceQuality "1"]

1. e4 e6 2. d4 d5 3. e5 c5 4. c3 Nc6 5. Nf3 a6 6. Be3 c4 7. Be2 b5 8. a3 Be7 9. b3 Na5 10. bxc4 Nxc4 11. Qc1 Qa5 12. 0-0 Nh6 13. Bg5 Nf5 14. Bxe7 Nxe7 15. Nbd2 Bd7 16. Nb3 Qc7 17. Nc5 h6 18. h3 Bc8 19. Nh2 Ng6 20. g3 Ncxe5 21. f4 Nd7 22. Nxd7 Bxd7 23. Bg4 h5 24. Be2 h4 25. g4 f6 26. Qe3 0-0-0 27. a4 Qb6 28. axb5 Bxb5 29. Rfb1 Kd7 30. Nf3 Rhe8 31. c4 dxc4 32. Bxc4 Re7 33. Bxb5+ axb5 34. Qd3 Nxf4 35. Qxb5+ Qxb5 36. Rxb5 g5 37. Kh2 Ke8 38. Re1 Red7 39. Rb4 e5 40. dxe5 Nd3 41. Rbe4 Nxe1 42. Rxe1 Re7 43. Kg1 Kf7 44. Kg2 Rde8 45. Kf2 Kg6 46. exf6 Rxe1 47. Nxe1 Kxf6 48. Kf1 Re3 49. Kf2 Rxh3 50. Ng2 Ke5 51. Ne1 Rg3 52. Nf3+ Kf4 53. Nh2 Rxg4 54. Nxg4 Kxg4 55. Kg2 h3+ 56. Kh2 Kh4 57. Kg1 g4 58. Kh2 g3+ 59. Kh1 Kg4 60. Kg1 Kf3 61. Kh1 g2+ 62. Kh2 Kf2 0-1

[Event "North County CC op 188th"]
[Site "San Diego"]
[Date "2004.10.08"]
[Round "3"]
[White "Cramer, Charles"]
[Black "Fries, Thomas"]
[Result "0-1"]
[WhiteElo "1594"]
[BlackElo "1980"]
[PlyCount "108"]
[EventDate "2004.09.24"]
[EventType "swiss"]
[EventRounds "5"]
[EventCountry "USA"]
[SourceTitle "EXT 2009"]
[Source "ChessBase"]
[SourceDate "2008.11.26"]
[SourceVersion "1"]
[SourceVersionDate "2008.11.26"]
[SourceQuality "1"]

1. e4 c5 2. Nf3 Nc6 3. a3 g6 4. Bc4 Bg7 5. d3 Nf6 6. 0-0 0-0 7. Nc3 a6 8. Rb1 b5 9. Ba2 b4 10. axb4 Nxb4 11. Bc4 Bb7 12. Re1 d5 13. exd5 Nbxd5 14. Nxd5 Nxd5 15. Bg5 Re8 16. h3 Qd6 17. Nh2 Nf4 18. Bxf4 Qxf4 19. Ng4 h5 20. Ne3 e6 21. c3 Red8 22. Ra1 Be5 23. Nf1 Qg5 24. f3 h4 25. Qe2 Bf4 26. Ra5 Bc7 27. Ra3 a5 28. Rea1 Bd5 29. Bb5 Rab8 30. c4 Be5 31. Rb1 Bc7 32. cxd5 Rxb5 33. dxe6 Re8 34. exf7+ Kxf7 35. Qc2 Rb4 36. Rd1 Bb6 37. Nh2 c4+ 38. Kh1 Bd4 39. dxc4 Rxb2 40. Qxb2 Bxb2 41. Rad3 Qc5 42. Rd5 Qxc4 43. Rxa5 Qb4 44. Ra7+ Re7 45. Rxe7+ Qxe7 46. Ng4 Qe2 47. Rb1 Qc2 48. Re1 Bc3 49. Re4 Bd2 50. Ne5+ Kg7 51. Rxh4 Qc1+ 52. Kh2 Bf4+ 53. g3 Qb2+ 54. Kg1 Bxg3 0-1

[Event "North County CC op 186th"]
[Site "San Diego"]
[Date "2004.08.07"]
[Round "4"]
[White "Tiernan, Timothy M"]
[Black "Cramer, Charles"]
[Result "1-0"]
[WhiteElo "1382"]
[BlackElo "1587"]
[PlyCount "63"]
[EventDate "2004.07.16"]
[EventType "swiss"]
[EventRounds "5"]
[EventCountry "USA"]
[SourceTitle "EXT 2009"]
[Source "ChessBase"]
[SourceDate "2008.11.26"]
[SourceVersion "1"]
[SourceVersionDate "2008.11.26"]
[SourceQuality "1"]

1. d4 d5 2. c4 e6 3. Nc3 c6 4. b3 Bb4 5. Qd3 h6 6. a3 Ba5 7. b4 Bc7 8. Nf3 Nd7 9. e4 dxe4 10. Nxe4 Ngf6 11. Bb2 Nxe4 12. Qxe4 Nf6 13. Qe3 Ng4 14. Qc3 Qe7 15. h3 Nf6 16. Bd3 b6 17. 0-0 Bb7 18. c5 Nd5 19. Qc2 Qf6 20. Ne5 Nf4 21. Be4 Nd5 22. Rfe1 g5 23. cxb6 Bxb6 24. Rad1 h5 25. Nxc6 g4 26. Bxd5 gxh3 27. Bxe6 Kf8 28. d5 Qg5 29. Bxh3 Rg8 30. Re5 Qh4 31. Rd3 Bc7 32. Qc5+ 1-0

[Event "North County CC op 186th"]
[Site "San Diego"]
[Date "2004.07.30"]
[Round "3"]
[White "Cramer, Charles"]
[Black "Ross, Michael"]
[Result "1-0"]
[WhiteElo "1587"]
[BlackElo "1421"]
[PlyCount "49"]
[EventDate "2004.07.16"]
[EventType "swiss"]
[EventRounds "5"]
[EventCountry "USA"]
[SourceTitle "EXT 2009"]
[Source "ChessBase"]
[SourceDate "2008.11.26"]
[SourceVersion "1"]
[SourceVersionDate "2008.11.26"]
[SourceQuality "1"]

1. e4 c5 2. Nf3 d6 3. h3 Nc6 4. a3 Nf6 5. Nc3 e6 6. Bb5 Bd7 7. d3 a6 8. Bc4 b5 9. Ba2 Be7 10. 0-0 0-0 11. Re1 e5 12. Nd5 Nxd5 13. Bxd5 Rb8 14. Nh2 Nd4 15. c3 Ne6 16. Nf1 Qb6 17. Qg4 Kh8 18. Ng3 Qd8 19. Nf5 Bf6 20. Qg3 Rb6 21. Bd2 Rg8 22. c4 Qe8 23. b4 Nd4 24. Nxd6 Qe7 25. Nxf7+ 1-0

[Event "North County CC op 185th"]
[Site "San Diego"]
[Date "2004.06.18"]
[Round "2"]
[White "Mahaffey, Sam"]
[Black "Cramer, Charles"]
[Result "1-0"]
[WhiteElo "1637"]
[BlackElo "1587"]
[PlyCount "51"]
[EventDate "2004.06.11"]
[EventType "swiss"]
[EventRounds "5"]
[EventCountry "USA"]
[SourceTitle "EXT 2009"]
[Source "ChessBase"]
[SourceDate "2008.11.26"]
[SourceVersion "1"]
[SourceVersionDate "2008.11.26"]
[SourceQuality "1"]

1. c4 c5 2. g3 e5 3. Bg2 Nc6 4. Nc3 d6 5. d3 Rb8 6. Rb1 Be7 7. Nf3 Nf6 8. 0-0 Bg4 9. h3 Bh5 10. Ne1 h6 11. a3 Nh7 12. Nc2 Qd7 13. Kh2 Bg5 14. Ne3 0-0 15. Ned5 f5 16. Bxg5 hxg5 17. Qd2 Nd4 18. f3 g4 19. fxg4 fxg4 20. h4 Bg6 21. Ne4 Rf7 22. b4 b6 23. bxc5 dxc5 24. Nxc5 Qc8 25. Rxf7 Bxf7 26. Ne7+ 1-0

[Event "North County CC op 182nd"]
[Site "San Diego"]
[Date "2004.02.13"]
[Round "2"]
[White "Markowski, Alina"]
[Black "Cramer, Charles"]
[Result "0-1"]
[WhiteElo "1500"]
[BlackElo "1577"]
[PlyCount "104"]
[EventDate "2004.02.06"]
[EventType "swiss"]
[EventRounds "5"]
[EventCountry "USA"]
[SourceTitle "EXT 2009"]
[Source "ChessBase"]
[SourceDate "2008.11.26"]
[SourceVersion "1"]
[SourceVersionDate "2008.11.26"]
[SourceQuality "1"]

1. e4 c5 2. Nc3 g6 3. Nge2 Bg7 4. d4 cxd4 5. Nxd4 a6 6. Be3 Nf6 7. f3 Nc6 8. Be2 0-0 9. 0-0 b5 10. Nxc6 dxc6 11. Qd3 Be6 12. Rfd1 Qc7 13. Bc5 Rfd8 14. Qe3 Rxd1+ 15. Rxd1 Rd8 16. Rxd8+ Qxd8 17. Qd3 Qc7 18. b4 Ne8 19. Bf2 Bc4 20. Qd2 Bxc3 21. Qxc3 Bxe2 22. Qd2 Bc4 23. a3 Qd6 24. Qc1 Qe5 25. c3 Qd6 26. Bd4 e5 27. Bf2 Bb3 28. Qe1 Qd1 29. Qxd1 Bxd1 30. Bc5 f6 31. Kf2 Kf7 32. g3 Ke6 33. Ke3 Nd6 34. Bxd6 Kxd6 35. f4 Bc2 36. g4 f5 37. gxf5 gxf5 38. exf5 Bxf5 39. fxe5+ Kxe5 40. h4 Kd5 41. Kd2 Kc4 42. h5 Kb3 43. h6 Kxa3 44. Ke3 Kb3 45. Kd4 Kc2 46. c4 Kb3 47. cxb5 cxb5 48. Kc5 Bc8 49. Kb6 Kxb4 50. Kc7 Bf5 51. Kd6 a5 52. Ke5 Bg6 0-1